| 000 | 00936nam a22002778i 4500 | ||
|---|---|---|---|
| 001 | 020041542 | ||
| 003 | EG-ScBUE | ||
| 005 | 20211206102808.0 | ||
| 008 | 201125s2020 vraa f b 000 0 eng d | ||
| 020 | _a9781760760533 | ||
| 040 |
_aStDuBDS _beng _erda _cStDuBDS _dEG-ScBUE |
||
| 082 | 0 | 4 |
_a701.85 _bHAR _222 |
| 100 | 1 |
_aHarrison, David, _d1963- _eauthor. |
|
| 245 | 1 | 2 |
_aA century of colour in design : _b250 innovative objects and the stories behind them / _cDavid Harrison. |
| 264 | 1 |
_aMelbourne : _bThames & Hudson Australia, _c2020. |
|
| 300 |
_a319 pages : _billustrations ; _c21 cm |
||
| 336 |
_atext _2rdacontent _btxt |
||
| 336 |
_astill image _2rdacontent _btxt |
||
| 337 |
_aunmediated _2rdamedia _bn |
||
| 338 |
_avolume _2rdacarrier _bnc |
||
| 504 | _aIncludes bibliographical references. | ||
| 650 | 7 |
_aColor in design _xHistory. _2BUEsh |
|
| 653 |
_bART _cDecember2021 |
||
| 655 |
_vReading book _934232 |
||
| 942 |
_2ddc _cBB |
||
| 999 |
_c29681 _d29652 |
||